LDR 00901naa#a2200181#i#450# 001 RU\\bibl\123001 005 20260605060748.5 011 ## _a2686-9896 100 ## _a20260515b2026####ek#y0rusy0150####ca 102 ## _aRU 200 1# _aКОМПЛЕКС МОНИТОРИНГА ТЕХНИЧЕСКИХ УСТРОЙСТВ _eЖурнальная статья 210 1# _aАнгарск _cФГБОУ ВО "Ангарский государственный технический университет" _d2026 215 ## _a1 с. 608 ## _aЖурнальная статья _2local 675 ## _aИнформационные технологии. Компьютерные технологии. Теория вычислительных машин и систем. 004 _z 700 #1 _aЧерепанов _gАнатолий Петрович 700 #1 _aРыбин _gОлег Александрович 856 4# _aangtu.editorum.ru _u